European Architects

Gespeichert in:
Bibliographische Detailangaben
1. Verfasser: Amsoneit, Wolfgang (Verfasst von)
Format: Buch
Sprache:Tschechisch
Veröffentlicht: Praha : Slovart, 1996
Schlagworte:
Tags: Tag hinzufügen
Keine Tags, Fügen Sie das erste Tag hinzu!

MARC

LEADER 00000nam a22000003a 4500
001 stu13655
005 20150617225801.0
008 960911s1996----xr------------------cze-d
040 |a STU  |b slo 
041 0 |a cze 
044 |a xr 
100 1 |a Amsoneit, Wolfgang  |4 aut 
245 1 |a European Architects 
260 |a Praha :  |b Slovart,  |c 1996 
300 |a 160 s 
650 7 |a architekti európski  |2 stusub 
996 |b 284AU02396  |c A*2898 U  |l AAKNST  |s P  |a 0  |w stu13655_0001